Situación de la economía costarricense /
El documento presenta la evolución del comercio hasta el año 1973, los problemas de empleo, la situación económica internacional entre 1973 y 1974 y sus repercusiones sobre la economía costarricense y la evolución de la actividad económica en 1974, comercio interior y exterior y los precios.
Furkejuvvon:
| Searvvušdahkki: | |
|---|---|
| Materiálatiipa: | Texto |
| Giella: | Spanish |
| Almmustuhtton: |
San José:
OFIPLAN
1975
|
| Fáttát: | |
| Fáddágilkorat: |
Lasit fáddágilkoriid
Eai fáddágilkorat, Lasit vuosttaš fáddágilkora!
|
MARC
| LEADER | 00000 a a2200000 04500 | ||
|---|---|---|---|
| 001 | 17762 | ||
| 003 | cru CIDCACS/IIS | ||
| 005 | 20230523113227.0 | ||
| 008 | 220801e1975 cr ||||| |||| 00| 0 spa d | ||
| 040 | |c cru IIS | ||
| 090 | |a 03.01.02 CR8375s | ||
| 110 | |a Costa Rica. Oficina de Planificación Nacional y Política Económica | ||
| 245 | |a Situación de la economía costarricense / |c Costa Rica. Oficina de Planificación Nacional y Política Económica | ||
| 260 | |a San José: |b OFIPLAN |c 1975 | ||
| 300 | |a 45 páginas | ||
| 520 | |a El documento presenta la evolución del comercio hasta el año 1973, los problemas de empleo, la situación económica internacional entre 1973 y 1974 y sus repercusiones sobre la economía costarricense y la evolución de la actividad económica en 1974, comercio interior y exterior y los precios. | ||
| 650 | |a CONDICIONES ECONOMICAS | ||
| 650 | 0 | |a EMPLEO |9 288 | |
| 650 | 0 | |a EXPORTACIONES |9 95 | |
| 650 | 4 | |a COMERCIO INTERNO |9 1958 | |
| 650 | 0 | |a COMERCIO EXTERIOR |9 304 | |
| 650 | 4 | |a PRECIOS |9 3225 | |
| 651 | 0 | |9 32 |a COSTA RICA | |
| 942 | |2 ddc |c LI | ||
| 999 | |c 14119 |d 14119 | ||
